Biblioteca y Centro de Documentación

Ponencias de la I Jornada del Observatorio de la Vivienda, [Madrid, 5 de octubre de 2004] (Registro nro. 19127)

Detalles MARC
000 -CABECERA
Longitud fija campo de control 01158nam a2200301 c 4500
001 - NÚMERO DE CONTROL
Número de control 19127
003 - IDENTIFICADOR DE NÚMERO DE CONTROL
Identificador del número de control ES-MaCES
005 - FECHA Y HORA DE LA ÚLTIMA TRANSACCIÓN
Fecha y hora de la última transacción 20141221122603.0
008 - CAMPO FIJO DE DESCRIPCIÓN FIJA--INFORMACIÓN GENERAL
Códigos de información de longitud fija   060726s2004 sp t 100 | spa d
035 ## - NÚMERO DE CONTROL DEL SISTEMA
Número de control del sistema CES20060009649m
040 ## - FUENTE DE CATALOGACIÓN
Centro catalogador de origen ES-MaCES
Lengua de catalogación spa
Centro transcriptor ES-MaCES
110 2# - ENCABEZAMIENTO PRINCIPAL--NOMBRE CORPORATIVO
Nombre de entidad corporativa o nombre de jurisdicción como elemento inicial Observatorio de la Vivienda
Unidad subordinada Jornada
Número del congreso o número de parte o sección de la obra
Fecha del congreso o de la firma de un tratado 2004
Sede del congreso Madrid
9 (RLIN) 4650
245 10 - MENCIÓN DE TÍTULO
Título Ponencias de la I Jornada del Observatorio de la Vivienda, [Madrid, 5 de octubre de 2004]
260 ## - PUBLICACIÓN, DISTRIBUCIÓN, ETC (PIE DE IMPRENTA)
Lugar de publicación, distribución, etc. [Madrid]
Nombre del editor, distribuidor, etc. Observatorio de la Vivienda
Fecha de publicación, distribución, etc. [2004]
300 ## - DESCRIPCIÓN FÍSICA
Extensión 1 v. (fol. var.)
Dimensiones 30 cm
500 ## - NOTA GENERAL
Nota general En 2004, el Consejo General del Notariado de España y el despacho de abogados Garrigues, constituyeron el Observatorio de la Vivienda
541 ## - NOTA DE LA FUENTE INMEDIANTE DE ADQUISICIÓN
Forma de adquisición Gratuito
650 #4 - ASIENTO SECUNDARIO DE MATERIA--TÉRMINO DE MATERIA
Término de materia o nombre geográfico como elemento inicial vivienda
9 (RLIN) 28598
650 #4 - ASIENTO SECUNDARIO DE MATERIA--TÉRMINO DE MATERIA
Término de materia o nombre geográfico como elemento inicial necesidades de vivienda
9 (RLIN) 28600
650 #4 - ASIENTO SECUNDARIO DE MATERIA--TÉRMINO DE MATERIA
Término de materia o nombre geográfico como elemento inicial España
9 (RLIN) 26964
650 #4 - ASIENTO SECUNDARIO DE MATERIA--TÉRMINO DE MATERIA
Término de materia o nombre geográfico como elemento inicial conferencia
9 (RLIN) 27013
653 10 - TÉRMINO DE INDEXACIÓN--NO CONTROLADO
Término no controlado Vivienda-Construcción-Urbanismo
710 2# - ENCABEZAMIENTO SECUNDARIO--NOMBRE CORPORATIVO
Nombre de entidad o nombre de jurisdicción como elemento inicial Junta de Decanos de los Colegios Notariales de España
9 (RLIN) 4401
710 2# - ENCABEZAMIENTO SECUNDARIO--NOMBRE CORPORATIVO
Nombre de entidad o nombre de jurisdicción como elemento inicial J. & A. Garrigues Abogados
9 (RLIN) 4394
902 ## - CES. TIPO DE DOCUMENTO
Tipodoc (006$c Sirtex) DOC Literatura gris
942 ## - ELEMENTOS KOHA
Fuente de clasificaión o esquema Clasificación propia del CES
Koha [por defecto] tipo de item Monografías
Parte de clasificación 5.2.
Existencias
Número de registro Signatura completa Tipo de item de Koha
065383 SR-CD-535 Monografías
065401 DOC-5.2.-184 Monografías
© CES, Consejo Económico y Social de España 2021